| 000 | 00592nam a22001937a 4500 | ||
|---|---|---|---|
| 003 | CEME | ||
| 005 | 20210628205211.0 | ||
| 008 | 210216b xxu||||| |||| 00| 0 eng d | ||
| 020 | _a0-02-584875-5 | ||
| 040 | _c. | ||
| 082 | _a621.56 AND'R | ||
| 100 |
_aAnderson, Edwin P _941838 |
||
| 245 | _aRefrigeration home and commercial installation inspection operation and maintenance | ||
| 250 | _a4TH | ||
| 260 |
_aNEWYORK _bMACMILLAN _c1990 |
||
| 300 | _aVIII, 770P | ||
| 650 |
_aAUDEL REFRIGERATION SERVICE REFRIGERATION AND REFRIGERATING MACHINERY0-02-584875-5 _974398 |
||
| 942 |
_cBK _2ddc |
||
| 999 |
_c579931 _d579931 |
||